| 000 | 00660nam a2200205Ia 4500 | ||
|---|---|---|---|
| 003 | GCL | ||
| 008 | 140319s9999 xx 000 0 ara d | ||
| 040 |
_aGCL / _cGCL |
||
| 082 | 0 | 4 |
_aق _b341.37 _bع ا |
| 100 | 1 | _aعاطف قبرصى | |
| 245 | 1 | 0 |
_aالاثار الاقتصادية لاتفاقية كامب ديفيد / _cعاطف قبرصى |
| 260 |
_a[S.N] : _bمؤسسة الدراسات الفلسطينية ، _c1982 |
||
| 300 | _a194 ص | ||
| 490 | _a | ||
| 650 | 0 | 4 | _aمعاهدات السلام |
| 650 | 0 | 4 | _aاسرائيل |
| 650 | 0 | 4 | _aالعلاقات الخارجية |
| 650 | 0 | 4 | _aاتفاقيات كامب ديفيد |
| 942 |
_2ddc _cBK |
||
| 999 |
_c52846 _d52846 |
||